000
00472nam a22000977a 4500
100
_a
अरिहंत
_9
4827
245
_a
सक्सेस मास्टर IBPS CRP-X बैंक PO प्रोबेशनरी ऑफिसर/मैनेजमेंट ट्रेनी प्रारम्भिक परीक्षा
260
_a
मेरठ
_b
अरिहंत पब्लिकेशन
_c
2020
650
_a
बैंक
_9
79929
942
_c
HIN
999
_c
63468
_d
63468